[Event "RSA-chT U10"]
[Site "Cape Town"]
[Date "2016.01.07"]
[Round "7.8"]
[White "Wessels, Mieke"]
[Black "Brandt, Declan William"]
[Result "0-1"]
[WhiteElo "626"]
[BlackElo "849"]
[PlyCount "63"]
[EventDate "2016.01.04"]
[EventType "team-tourn"]
[EventRounds "7"]
[EventCountry "RSA"]
[SourceTitle "CBM 170 Extra"]
[Source "ChessBase"]
[SourceDate "2016.02.25"]
[SourceVersion "1"]
[SourceVersionDate "2016.02.25"]
[SourceQuality "1"]
[WhiteTeam "Ekurhuleni"]
[BlackTeam "Johannesburg Metro"]
[WhiteTeamCountry "RSA"]
[BlackTeamCountry "RSA"]

1. e4 e5 2. Nf3 d6 3. Nc3 Nf6 4. Bc4 a6 5. 0-0 Nc6 6. d4 g6 7. dxe5 Nxe5 8. Bb3 Nxf3+ 9. Qxf3 Bg7 10. e5 dxe5 11. Ba4+ c6 12. Rd1 Qe7 13. Bxc6+ bxc6 14. Qxc6+ Nd7 15. Qxa8 0-0 16. Qf3 Nf6 17. Be3 Qc7 18. b4 Bg4 19. Qg3 Bxd1 20. Rxd1 Qxc3 21. a4 Qxc2 22. Rc1 Qxa4 23. Bc5 Rd8 24. Qf3 e4 25. Qe2 Bh6 26. Re1 Nh5 27. Bb6 Nf4 28. Qf1 Rd7 29. g3 Nh5 30. Qh3 Bd2 31. Rd1 Qxd1+ 32. Kg2 0-1

[Event "RSA-chT U10"]
[Site "Cape Town"]
[Date "2016.01.05"]
[Round "4.8"]
[White "Brandt, Declan William"]
[Black "Smuts, Ruan"]
[Result "1-0"]
[WhiteElo "849"]
[BlackElo "890"]
[PlyCount "26"]
[EventDate "2016.01.04"]
[EventType "team-tourn"]
[EventRounds "7"]
[EventCountry "RSA"]
[SourceTitle "CBM 170 Extra"]
[Source "ChessBase"]
[SourceDate "2016.02.25"]
[SourceVersion "1"]
[SourceVersionDate "2016.02.25"]
[SourceQuality "1"]
[WhiteTeam "Johannesburg Metro"]
[BlackTeam "Tshwane"]
[WhiteTeamCountry "RSA"]
[BlackTeamCountry "RSA"]

1. e4 c5 2. d3 d6 3. Nc3 Nf6 4. b3 e5 5. Bb2 g6 6. Nd5 Nbd7 7. Qe2 Be7 8. 0-0-0 Nb6 9. Nxf6+ Bxf6 10. g3 0-0 11. h4 Be6 12. c4 Qd7 13. Bh3 Bxh3 1-0